Les meilleurs tireurs de coup-franc - Statistiques

Statistiques générales
  • Ce quiz a été pris 442 fois
  • Le résultat moyen est 5 sur 10
Statistiques - réponses
rang buts équipe Joueur % Correct
10 55 FC Barcelone Messi
97%
1 77 Olympique Lyonnais Juninho
89%
4 66 FC Barcelone Ronaldinho
59%
2 70 Santos Pelé
57%
6 62 Naples Maradona
54%
5 65 Manchester United Beckham
52%
8 60 FC Barcelone Koeman
17%
7 62 Flamengo Zico
14%
9 59 Sao Paulo Ceni
13%
3 66 Juventus Legrottaglie
1%
Aucun quiz correspondant
Distribution des résultats
% des personnes avec chaque résultat
Percentile par nombre de réponses
Votre historique - résultats
Vous n’avez pas pris ce quiz